| 000 | 00476cam a2200193ua 4500 | ||
|---|---|---|---|
| 001 | 2200 | ||
| 005 | 20260515113447.0 | ||
| 008 | 110805n ii |||gr||||Z||||||eng | ||
| 040 | _cMAIN | ||
| 082 | _a370.15 | ||
| 100 | _aBhatia, H R., | ||
| 245 |
_aElements of educational psychology _cBy H R Bhatia |
||
| 250 | _a5th. | ||
| 260 |
_aNew Delhi: _bOrient longman,975. |
||
| 300 |
_a558 p.: _c20 cm. |
||
| 653 | _aEducation. | ||
| 653 | _aEducational psychology | ||
| 942 | _cBK | ||
| 999 |
_c2066 _d2066 |
||